000 00403nam a2200169Ia 4500
003 OSt
005 20240309165316.0
008 170619s9999 xx 000 0 und d
020 _a9788126131464
040 _cIIMT ENGINEERING COLLEGE
100 _aBhalla V K
245 0 _aInternational Financial Mangement
260 _bNew Delhi Anmol
260 _c2007
546 _aENGLISH
942 _2ddc
_c02
999 _c22320
_d22320